Cosas y personas /

Guardado en:
書目詳細資料
主要作者: García Bacca, Juan David (autor)
格式: 圖書
語言:西班牙语
出版: México : Fondo de Cultura Económica, 1983, c1977
叢編:(Sección de Obras de Filosofía)
主題:
標簽: 添加標簽
沒有標簽, 成為第一個標記此記錄!

MARC

LEADER 00000nam^a2200000^a^4500
001 000386386
005 20250521000000.0
009 20260310120958.404
020 |a 968-16-1416-X 
037 |a Acervo Xavier Clavigero 
041 |a ESP 
082 |a 111. 8  |b GAR 
100 |a García Bacca, Juan David  |e (autor) 
245 1 0 |a Cosas y personas /  |c J.D. García Bacca. 
264 4 |a México :  |b Fondo de Cultura Económica,  |c 1983, c1977 
300 |a 98 p. 
336 |a texto  |b txt  |2 rdacontenido 
337 |a sin mediación  |b n  |2 rdamedio 
338 |a volumen  |b nc  |2 rdasoporte 
440 1 |a (Sección de Obras de Filosofía) 
545 0 |a Juan David García Bacca (1901-1992), fue un filósofo, ensayista y traductor español nacionalizado venezolano. De formación en teología y filosofía en varias de las mejores universidades de Europa, García Bacca abandona España ante la Guerra Civil y llega a residir en París, Ecuador, México y Venezuela donde en estos países dio catedra de diversas disciplinas filosóficas. Su obra como pensador se desarrolló en el ámbito de la logística en la cual es reconocido como el primero de lengua castellana en conceptualizar la lógica formal a niveles del criticismo, por ejemplo en su libro, Introducción a la lógica moderna. Su extensa formación filosófica y humanista lo llevaron a la búsqueda de la verdad sin establecer un sistema de pensamiento estricto y definido ya que pasa del tomismo al raciovitalismo, del historicismo al racionalismo de Heidegger hasta llegar al marxismo y la búsqueda de una filosofía latinoamericana. Juan David es reconocido como una de las figuras más representativas de la generación del exilio español y de la filosofía latinoamericana con una extensa obra de más de seiscientos títulos publicados, como: Fundamentación de las matemáticas, Introducción a la logística amb aplicacions a la filosofía i a les matemàtiques, Ensayo sobre la estructura lógico-genética de las ciencias físicas, Sobre estética griega, Las ideas de ser y estar; de posibilidad y realidad en la idea de hombre, según la filosofía actual, Elementos de Filosofía, Historia filosófica de la ciencia, Metafísica natural estabilizada y problemática metafísica espontánea, Humanismo teórico, práctico y positivo según Marx, Invitación a filosofar según espíritu y letra de Antonio Machado, Teoría y metateoría de la ciencia, Vida, muerte e inmortalidad, Infinito, transfinito, finito, Qué es dios y quién es Dios y Filosofía de la música. 
561 |a Ex libris de Instituto de Literatura Puente Grande, Jal. 
561 |a Ex libris de Bibl. Iunioratus Dom. Prob. S. Ioseph 
649 |a XX 
650 |a Cultura 
650 |a Alienación 
650 |a Reciprocidad 
650 |a Personalidad -  |x Tema Principal 
650 |a Ontología -  |x Tema Principal 
650 |a Metafísica 
650 |a Antropología Filosófica 
650 |a Filosofía del Siglo XX 
910 |a Fondo General 
920 |a Impresos - Libros 
930 |a Colección General 
905 |a 101 
901 |a 029555  |b IT1  |c ACC  |u 20250521 
902 |a https://opac.biblio.iteso.mx/vufind/Record/000386386